000 01028nam a22002897a 4500
001 4707
003 FISKH
005 20240923140332.0
008 240923b cb ||||| |||| 00| 0 eng d
020 _a9780545115254
040 _aFISKH
_beng
_cFISKH
_dFISKH
050 _aPZ7.B75695
082 _2813.6
100 _aBrewer, Z
_d1973-
245 _aEighth grade bites /
_cThe chronicles of Valadimir Tod headther Brewer
250 _aFirst printing in 2008
260 _aNew York :
_bScholastic,
_c2008.
300 _a182 pages :
_c20cm
505 _aR
520 _aFor thirteen years, Vlad, aided by his aunt and best friend, has kept secret that he is half-vampire, but when his missing teacher is replaced by a sinister substitute, he learns that there is more to being a vampire, and to his parents' deaths, than he could have guessed.
521 8 _a780L
_bLexile
521 8 _aR
_bRaz-Plus
650 _2Vampire
_aParanormal
650 _2Fiction
_aMiddle school
942 _2ddc
_cBK
_n0
999 _c4707
_d4707